ESTABLISHING THE SUPREMACY OF EUROPEAN LAW : (Registro nro. 36786)
[ vista simple ]
| 000 -LEADER | |
|---|---|
| fixed length control field | 01088nam a2200205 a 4500 |
| 001 - CONTROL NUMBER | |
| control field | 36786 |
| 005 - DATE AND TIME OF LATEST TRANSACTION | |
| control field | 20180714005506.0 |
| 008 - FIXED-LENGTH DATA ELEMENTS--GENERAL INFORMATION | |
| fixed length control field | 140415s2001 xxk 000 0 eng d |
| 020 ## - INTERNATIONAL STANDARD BOOK NUMBER | |
| International Standard Book Number | 0199243476 |
| 041 ## - LANGUAGE CODE | |
| Language code of text/sound track or separate title | eng |
| 082 ## - DEWEY DECIMAL CLASSIFICATION NUMBER | |
| Classification number | 341.2 |
| Item number | AIL |
| 100 1# - MAIN ENTRY--PERSONAL NAME | |
| Personal name | ALTER, KAREN J. |
| 245 10 - TITLE STATEMENT | |
| Title | ESTABLISHING THE SUPREMACY OF EUROPEAN LAW : |
| Remainder of title | THE MAKING OF AN INTERNATIONAL RULE OF LAW IN EUROPE |
| 250 ## - EDITION STATEMENT | |
| Edition statement | 1a ed. |
| 260 ## - PUBLICATION, DISTRIBUTION, ETC. | |
| Place of publication, distribution, etc. | GRAN BRETAÑA : |
| Name of publisher, distributor, etc. | OXFORD UNIVERSITY PRESS, |
| Date of publication, distribution, etc. | 2001 |
| 300 ## - PHYSICAL DESCRIPTION | |
| Extent | 258 |
| Dimensions | 15.5 x 1.5 x 23.4 |
| 490 ## - SERIES STATEMENT | |
| Series statement | STUDIES IN EUROPEAN LAW |
| 520 ## - SUMMARY, ETC. | |
| Summary, etc. | SERIES EDITORS:PAUL CRAIG AND GRAINNE DE BURCA HOW DID THE EUROPEAN COMMUNITYS LEGAL SYSTEM BECOME THE MOST EFFECTIVE INTERNATIONAL LEGAL SYSTEM IN THE WORLD? THIS BOOK START WHERE TRADITIONAL LEGAL ACCOUNTS LEAVE OFF, EXPLAINING SHY NATIONAL JUDICIARIES TOOK ON A ROLE ENFORCING EUROPEAN LAW SUPREMACY AGAINST THEIR GOVERNMENTS, AND WHY NATIONAL HOVERNMENTS ACCEPTED AN INSTITUTIONAL CHANGE THAT GREATLY COMPROMISED NATIONAL SOVEREIGNTY. |
| 650 14 - SUBJECT ADDED ENTRY--TOPICAL TERM | |
| Topical term or geographic name entry element | LEGISLACION |
| General subdivision | FEDERACION EUROPEA |
| -- | LEGISLACION |
| -- | EUROPA |
| Withdrawn status | Lost status | Source of classification or shelving scheme | Damaged status | Not for loan | Collection code | Home library | Current library | Shelving location | Date acquired | Source of acquisition | Inventory number | Total Checkouts | Full call number | Barcode | Date last seen | Date last checked out | Price effective from | Koha item type |
|---|---|---|---|---|---|---|---|---|---|---|---|---|---|---|---|---|---|---|
| Dewey Decimal Classification | General | Biblioteca Karol Wojtyla | Biblioteca Karol Wojtyla | Sala general | 03/12/2013 | Compra | 151000000000000000050498 | 341.2 AIL | 55301 | 05/01/2026 | 24/08/2015 | 03/12/2013 | Libro |